History Quiz

Random History or Capital Quiz

Old City Maps Quiz Stats

 Plays Quiz Updated Jun 2, 2018

Challenge
Share
Tweet
Score 0/12 Timer 06:00
1 Play Today
% Correct
London (1688)
93.9%
Paris (1830)
90.9%
Istanbul (1922)
74.6%
Tokyo (1844)
72%
Venice (1565)
71.7%
Moscow (1893)
64.4%
Buenos Aires (1900)
52.1%
Athens (1784)
49.9%
Mecca (1951)
43.2%
Amsterdam (1688)
37.3%
New York City (1665)
32.5%
Lisbon (1592)
30.2%

You're not logged in!

Compare scores with friends on all Sporcle quizzes.
Join for Free
OR
Log In

You Might Also Like...

Show Comments

Extras

Top Quizzes Today


Score Distribution

Your Account Isn't Verified!

In order to create a playlist on Sporcle, you need to verify the email address you used during registration. Go to your Sporcle Settings to finish the process.

Report this User

Report this user for behavior that violates our Community Guidelines.

Details: